|
|
|
|
| LEADER |
00000nab a2200000ua 4500 |
| 001 |
vtls010822615 |
| 003 |
SK-MaSNL |
| 005 |
20260303132005.0 |
| 008 |
230218s2008 xo |||||||||||||||||slo| |
| 035 |
|
|
|a (urnnbn)urn:nbn:sk:snk:ar-a061rl
|
| 035 |
|
|
|a urn:nbn:sk:snk-ab5pk2
|
| 035 |
|
|
|a (uuid)d9bff5a0-5782-4d0e-a62a-b1d95ae7b8d1
|
| 040 |
|
|
|a SNKBUCL
|b slo
|c SNKBUCL
|e AACR2
|
| 041 |
0 |
|
|a slo
|
| 044 |
|
|
|a xo
|c SK
|
| 100 |
1 |
|
|a Gecík, K.
|4 aut
|9 1113978
|
| 245 |
1 |
0 |
|a LIEČBA DIABETES MELLITUS 2.TYPU VILDAGLIPTÍNOM Z POHĽADU MEDICÍNY ZALOŽENEJ NA DÔKAZOCH
|c K. Gecík, V. Uličiansky, Z. Schroner
|
| 700 |
1 |
|
|a Uličiansky, Vladimír,
|d 1951-
|4 aut
|9 191939
|
| 700 |
1 |
|
|a Schroner, Z.
|4 aut
|9 1139519
|
| 773 |
0 |
|
|t Diabetes a obezita : časopis Slovenskej diabetologickej spoločnosti
|g Roč. 8, č. 16 (2008), s. 107-113
|
| 954 |
|
|
|a odborná, vedecká literatúra pôvodná (slovenská)
|2 lita
|
| 958 |
|
|
|a OND
|
| 958 |
|
|
|a EUIPO
|
| 958 |
|
|
|a article5
|
| 999 |
|
|
|c 1948430
|d 1950360
|